000
00313nam a22001457a 4500
008
210308b ||||| |||| 00| 0 eng d
020
_a
9780470891520
041
_a
eng
080
_2
3th
_a
004
082
_2
3th
_a
004
100
_a
35
101
_a
SHKI
245
_a
Besinning CSS
_c
Pouncey,I
942
_2
udc
_c
BK
999
_c
56019
_d
56019